Loading...
| Fine Arts - Auditory Fine Arts | 7 | 10.00 | 86% | 14% | 0% |
| Fine Arts - Other Fine Arts | 2 | 15.00 | 100% | 50% | 0% |
| Fine Arts - Visual Fine Arts | 3 | 13.33 | 100% | 33% | 0% |
| History - American History | 5 | 10.00 | 100% | 0% | 0% |
| History - European History | 5 | 12.00 | 100% | 20% | 0% |
| History - Other History | 4 | 15.00 | 100% | 25% | 25% |
| History - World History | 4 | 25.00 | 100% | 100% | 50% |
| Literature - British Literature | 6 | 10.00 | 100% | 0% | 0% |
| Literature - European Literature | 6 | 13.33 | 83% | 33% | 17% |
| Literature - World Literature | 5 | 16.00 | 100% | 60% | 0% |
| Mythology | 4 | 10.00 | 100% | 0% | 0% |
| Other Academic | 1 | 20.00 | 100% | 100% | 0% |
| Philosophy | 6 | 11.67 | 83% | 33% | 0% |
| Pop Culture | 1 | 10.00 | 100% | 0% | 0% |
| Religion | 5 | 12.00 | 100% | 20% | 0% |
| Science - Biology | 6 | 13.33 | 83% | 50% | 0% |
| Science - Chemistry | 6 | 15.00 | 100% | 50% | 0% |
| Science - Other Science | 4 | 15.00 | 100% | 50% | 0% |
| Science - Physics | 3 | 10.00 | 100% | 0% | 0% |
| Social Science | 5 | 12.00 | 80% | 40% | 0% |